000 00309nam a2200121 a 4500
005 20141022142007.0
008 081003s19uu xx 00 eng d
050 _aVCD
_bS1 2007
245 _aSearching for lost worlds: Tutankhamen.
650 _aVCD.
650 _aTutankhamen.HISTORY-FICTION
942 _cAVM
999 _c276554
_d276554